000 00729nam a2200217Ii 4500
003 JO-AjNU
008 230605s9999||||xx |||||||||||||| ||und||
017 _a1999/8/1417
040 _aJO-AjNU
_bara
_erda
_cJO-AjNU
041 _aara
050 1 4 _aHD37.A7.S435.2007
100 3 _aالشماع،خليل محمد حسن,
_eauthor
_930918
245 0 0 _aمبادىء الادارة مع التركيز على ادارة الاعمال
250 _aط5 جديدة
264 3 1 _aعمان:دار المسيرة للنشر والتوزيع،2007
300 _a432ص
336 _atext
_btxt
_2rdacontent
337 _aunmediated
_bn
_2rdamedia
338 _avolume
_bnc
_2rdacarrier
650 4 _aادارة الاعمال
_930919
999 _aA12310
_c15878
_d15878